Exposition of the epistle of Jude. (Record no. 6148)

000 -LEADER
fixed length control field 00547nam a2200181 a 4500
001 - CONTROL NUMBER
control field :::00003891$&:&@@
003 - CONTROL NUMBER IDENTIFIER
control field OkBaRHE
005 - DATE AND TIME OF LATEST TRANSACTION
control field 20000607103314.0
008 - FIXED-LENGTH DATA ELEMENTS--GENERAL INFORMATION
fixed length control field j 000 0 eng u
040 ## - CATALOGING SOURCE
Transcribing agency
100 1# - MAIN ENTRY--PERSONAL NAME
Personal name Ironside, H. A.
245 10 - TITLE STATEMENT
Title Exposition of the epistle of Jude.
260 ## - PUBLICATION, DISTRIBUTION, ETC. (IMPRINT)
Place of publication, distribution, etc New York, NY., :
Name of publisher, distributor, etc Loizeaux Brothers
Date of publication, distribution, etc nd
300 ## - PHYSICAL DESCRIPTION
Extent 61 p. ;
Dimensions 19 cm.
650 ## - SUBJECT ADDED ENTRY--TOPICAL TERM
Topical term or geographic name as entry element Bible New Testament Jude
General subdivision Study
942 ## - ADDED ENTRY ELEMENTS (KOHA)
Source of classification or shelving scheme
Koha item type Books
Copies
Not for loan Lost status Damaged status Barcode Full call number Price effective from Date last seen Permanent Location Koha item type Source of classification or shelving scheme Date acquired Withdrawn status Copy number Shelving location
   3891BS 2815 .I72010-04-142018-04-03RHEMA Bible Training CollegeBooks 2010-04-14 1General Stacks